[Event "DVM U16 2009"]
[Site "Verden/Aller GER"]
[Date "2009.12.30"]
[Round "7"]
[White "Marx, Joschka"]
[Black "Xu, Xianliang"]
[Result "0-1"]
[Termination "normal"]
[Board "1.1"]
[WhiteElo "2020"]
[BlackElo "1968"]
[WhiteTeam "Segeberger SF"]
[BlackTeam "SK Bebenhausen"]
[PlyCount "106"]
[WhiteFideId "24645869"]
[BlackFideId "4603230"]
[EventCountry "GER"]
[EventRounds "7"]
[EventType "team-swiss"]
[EventDate "2009.12.26"]

1. Nf3 c5 2. g3 Nc6 3. Bg2 g6 4. d3 d6 5. Nbd2 e5 6. e4 Nge7 7. c3 Bg7 8. O-O
O-O 9. Ne1 Be6 10. f4 exf4 11. gxf4 f5 12. Ndf3 Kh8 13. Nc2 Qd7 14. Ng5 Bg8 15.
Qe1 c4 16. Rf3 Rae8 17. Qf1 cxd3 18. Qxd3 fxe4 19. Nxe4 Nf5 20. Ng3 Be6 21. Bd2
Nxg3 22. Rxg3 Bf5 23. Bh3 Bxd3 24. Bxd7 Bxc2 25. Bxe8 Rxe8 26. Kf2 Kg8 27. Rc1
Bf5 28. Re3 Rxe3 29. Bxe3 Kf7 30. Rd1 Ke6 31. Re1 Kd7 32. Ke2 a6 33. Kd2 Ne7
34. Bd4 Bh6 35. Rf1 Nd5 36. Be3 Nxe3 37. Kxe3 d5 38. Rd1 Ke6 39. Rf1 b5 40. Kd4
Kd6 41. a3 Bg7+ 42. Ke3 Kc5 43. Kd2 Kc4 44. Re1 Be4 45. Re2 a5 46. h4 b4 47.
axb4 axb4 48. cxb4 Bxb2 49. h5 Kxb4 50. hxg6 hxg6 51. Ke3 Bc3 52. Rh2 Bf5 53.
Rh7 Kc4 0-1

[Event "DVM U16 2009"]
[Site "Verden/Aller GER"]
[Date "2009.12.30"]
[Round "7"]
[White "Braun, Georg"]
[Black "Schwarzat, Julian"]
[Result "1/2-1/2"]
[Termination "normal"]
[Board "1.2"]
[WhiteElo "2023"]
[BlackElo "2022"]
[WhiteTeam "SK Bebenhausen"]
[BlackTeam "Segeberger SF"]
[PlyCount "126"]
[WhiteFideId "24629383"]
[BlackFideId "24675857"]
[EventCountry "GER"]
[EventRounds "7"]
[EventType "team-swiss"]
[EventDate "2009.12.26"]

1. e4 c6 2. d4 g6 3. f4 d5 4. e5 h5 5. Nf3 Bg4 6. h3 Bxf3 7. Qxf3 e6 8. c3 h4
9. Bd3 Nh6 10. Be3 Be7 11. Nd2 Nd7 12. O-O Nf5 13. Bf2 Kf8 14. Qe2 Kg7 15. Nf3
Rh6 16. Bxf5 gxf5 17. Qe1 Nf8 18. Kh2 Ng6 19. Qd2 Qb6 20. Rg1 Rah8 21. b4 a5
22. a3 Ra8 23. Rgb1 axb4 24. axb4 Rhh8 25. Be3 Qb5 26. Qc2 Ra6 27. Ra5 Qb6 28.
Nd2 Rha8 29. Nb3 Rxa5 30. Nxa5 f6 31. exf6+ Kxf6 32. Re1 Qc7 33. Qf2 Bd6 34.
Rf1 b6 35. Nb3 Ra3 36. Qb2 Ra6 37. Qd2 Ra8 38. Nc1 Ra1 39. Rf2 Qa7 40. Qc2 Qa4
41. Qxa4 Rxa4 42. g3 hxg3+ 43. Kxg3 Ra3 44. Ne2 Bxb4 45. Bc1 Rb3 46. Rf3 Bd6
47. h4 c5 48. h5 Ne7 49. Kh4 Rb1 50. Rg3 Ra1 51. h6 Ra8 52. Kh5 Rh8 53. Be3 c4
54. Bf2 Rh7 55. Rg1 Kf7 56. Bh4 Ng8 57. Rg6 Be7 58. Bxe7 Nxe7 59. Rg1 Ng8 60.
Rg6 Nf6+ 61. Kg5 Ne4+ 62. Kh5 Nf6+ 63. Kg5 Ne4+ 1/2-1/2

[Event "DVM U16 2009"]
[Site "Verden/Aller GER"]
[Date "2009.12.30"]
[Round "7"]
[White "Zimmermann, Ulrich"]
[Black "Neitzel, Mirko"]
[Result "1-0"]
[Termination "normal"]
[Board "1.4"]
[WhiteElo "1972"]
[BlackElo "1873"]
[WhiteTeam "SK Bebenhausen"]
[BlackTeam "Segeberger SF"]
[PlyCount "85"]
[WhiteFideId "24654523"]
[BlackFideId "24657298"]
[EventCountry "GER"]
[EventRounds "7"]
[EventType "team-swiss"]
[EventDate "2009.12.26"]

1. e4 c5 2. Nf3 Nc6 3. Bb5 Nf6 4. Nc3 d6 5. Bxc6+ bxc6 6. O-O Bg4 7. h3 Bh5 8.
d3 Nd7 9. Bd2 e6 10. Qe2 Be7 11. Rae1 O-O 12. g4 Bg6 13. Nh2 Re8 14. f4 f5 15.
g5 c4 16. Kh1 cxd3 17. cxd3 Rf8 18. h4 Qe8 19. Qg2 e5 20. exf5 Rxf5 21. Qxc6
Rc8 22. Qg2 Rf8 23. d4 Bd8 24. Ng4 Bc7 25. Nd5 Bb8 26. Bc3 Bh5 27. f5 Qf7 28.
g6 hxg6 29. fxg6 Qe6 30. Nge3 Bxg6 31. Ng4 Bd3 32. Rg1 Rf7 33. Bd2 Kh8 34. Nf4
Qf5 35. Nxd3 Qxd3 36. Re3 Qxd4 37. Rg3 Rcf8 38. Bh6 e4 39. Ne3 Rg8 40. Nf5 Rxf5
41. Bxg7+ Rxg7 42. Rxg7 Qxg1+ 43. Kxg1 1-0

[Event "DVM U16 2009"]
[Site "Verden/Aller GER"]
[Date "2009.12.30"]
[Round "7"]
[White "Hager, Joshua Aarash"]
[Black "Raider, Eugen"]
[Result "1/2-1/2"]
[Termination "normal"]
[Board "2.1"]
[WhiteElo "2231"]
[BlackElo "1871"]
[WhiteTeam "OSG Baden-Baden"]
[BlackTeam "Königsspringer SC 1984"]
[PlyCount "57"]
[WhiteFideId "24642789"]
[BlackFideId "24657352"]
[EventCountry "GER"]
[EventRounds "7"]
[EventType "team-swiss"]
[EventDate "2009.12.26"]

1. e4 c5 2. Nf3 e6 3. d4 cxd4 4. Nxd4 a6 5. c4 Nf6 6. Nc3 Qc7 7. a3 b6 8. Be3
Bb7 9. f3 d6 10. Be2 Nbd7 11. Rc1 Be7 12. O-O O-O 13. Qd2 Rac8 14. Rfd1 Qb8 15.
b4 Rfd8 16. Qe1 Kh8 17. Qf2 Bf8 18. Nb3 Bc6 19. Kh1 e5 20. Qf1 a5 21. bxa5 Nc5
22. Rb1 Qa8 23. axb6 Qxa3 24. Nxc5 dxc5 25. Rxd8 Rxd8 26. Qc1 Qa6 27. Qb2 Rb8
28. Nd5 Nd7 29. Qc2 1/2-1/2

[Event "DVM U16 2009"]
[Site "Verden/Aller GER"]
[Date "2009.12.30"]
[Round "7"]
[White "Stanau, Guido"]
[Black "Sarchisov, Slavik"]
[Result "1/2-1/2"]
[Termination "normal"]
[Board "2.2"]
[WhiteElo "2006"]
[BlackElo "2115"]
[WhiteTeam "Königsspringer SC 1984"]
[BlackTeam "OSG Baden-Baden"]
[PlyCount "105"]
[WhiteFideId "24692255"]
[BlackFideId "24647888"]
[EventCountry "GER"]
[EventRounds "7"]
[EventType "team-swiss"]
[EventDate "2009.12.26"]

1. e4 c5 2. c3 d5 3. exd5 Qxd5 4. d4 Nf6 5. Na3 e6 6. Nb5 Qd8 7. Bf4 Nd5 8.
Bxb8 Rxb8 9. dxc5 Bxc5 10. Nf3 O-O 11. Bc4 a6 12. Nbd4 Qd6 13. O-O b5 14. Bxd5
Qxd5 15. Nb3 Qc6 16. Qe2 Bb7 17. Na5 Qc7 18. Nxb7 Qxb7 19. a3 Rfd8 20. Rfd1 Qc7
21. Rxd8+ Qxd8 22. Rd1 Qe7 23. b4 Bb6 24. c4 bxc4 25. Qxc4 a5 26. bxa5 Bxa5 27.
Qa4 Bc3 28. Qa6 Bf6 29. Rc1 Qd7 30. a4 g6 31. h3 Qb7 32. Qd6 Qb2 33. Rc7 Rf8
34. Ra7 Bg7 35. a5 e5 36. Qd2 Qb1+ 37. Qe1 Qc2 38. g3 Rd8 39. Qe3 e4 40. Ne1
Qb1 41. Rc7 Rd1 42. Rc8+ Bf8 43. Kf1 Qd3+ 44. Qe2 Kg7 45. Rb8 Ra1 46. Rb5 Qd4
47. Kg2 Qc3 48. Qxe4 Rxe1 49. Qd5 Ra1 50. Rb7 Qf6 51. Rb6 Qc3 52. Rb7 Qf6 53.
Rb6 1/2-1/2

[Event "DVM U16 2009"]
[Site "Verden/Aller GER"]
[Date "2009.12.30"]
[Round "7"]
[White "Bochis, Julia"]
[Black "Steinfeldt, Henry"]
[Result "1-0"]
[Termination "normal"]
[Board "2.3"]
[WhiteElo "2077"]
[BlackElo "1796"]
[WhiteTeam "OSG Baden-Baden"]
[BlackTeam "Königsspringer SC 1984"]
[PlyCount "125"]
[WhiteFideId "24647276"]
[BlackFideId "24697176"]
[EventCountry "GER"]
[EventRounds "7"]
[EventType "team-swiss"]
[EventDate "2009.12.26"]

1. e4 e5 2. Nf3 Nf6 3. Nxe5 d6 4. Nf3 Nxe4 5. d4 d5 6. Bd3 Bd6 7. O-O O-O 8. c4
c6 9. Qc2 Nf6 10. Bg5 h6 11. Bh4 Be6 12. c5 Be7 13. Nc3 Nbd7 14. Rfe1 Re8 15.
b4 Nh5 16. Bxe7 Rxe7 17. b5 Rb8 18. h3 Nf4 19. Bf1 Nf6 20. Qa4 cxb5 21. Nxb5 a6
22. Nd6 Ne8 23. Nxe8 Qxe8 24. Qb4 Ng6 25. Rab1 Bf5 26. Rxe7 Nxe7 27. Re1 Qd8
28. Ne5 f6 29. Nd3 Nc6 30. Qc3 Qc7 31. g3 Be4 32. Nf4 Qa5 33. Qxa5 Nxa5 34. Bg2
Bxg2 35. Kxg2 Rd8 36. Kf3 Kf7 37. Re3 Nc4 38. Rc3 Nd2+ 39. Ke2 Ne4 40. Re3 Ng5
41. h4 Nh7 42. h5 Nf8 43. Kd2 Rd7 44. Kc3 g5 45. hxg6+ Nxg6 46. Nxg6 Kxg6 47.
Re8 Kg5 48. Re6 Kf5 49. Rb6 Re7 50. Rd6 Re2 51. Rxd5+ Ke6 52. Rd6+ Ke7 53. Rb6
Rxf2 54. Rxb7+ Kd8 55. Kc4 Rxa2 56. Kd5 Rd2 57. c6 Kc8 58. Ra7 Kb8 59. c7+ Kc8
60. Kc6 Rc2+ 61. Kd6 Rc4 62. Ra8+ Kb7 63. Rb8+ 1-0

[Event "DVM U16 2009"]
[Site "Verden/Aller GER"]
[Date "2009.12.30"]
[Round "7"]
[White "Hort, Max"]
[Black "Gölgeci, Oguz"]
[Result "0-1"]
[Termination "normal"]
[Board "2.4"]
[WhiteElo "1850"]
[BlackElo "1861"]
[WhiteTeam "Königsspringer SC 1984"]
[BlackTeam "OSG Baden-Baden"]
[PlyCount "92"]
[WhiteFideId "24600849"]
[BlackFideId "12910120"]
[EventCountry "GER"]
[EventRounds "7"]
[EventType "team-swiss"]
[EventDate "2009.12.26"]

1. e4 c5 2. c3 d5 3. exd5 Qxd5 4. d4 Nf6 5. Nf3 Bg4 6. dxc5 Qxc5 7. Be3 Qc7 8.
Nbd2 e6 9. Qb3 Be7 10. O-O-O Nbd7 11. h3 Bh5 12. g4 Bg6 13. Nh4 a6 14. Nxg6
hxg6 15. Bg2 Rb8 16. Kb1 b5 17. Rc1 Bc5 18. c4 bxc4 19. Qxc4 Qb6 20. Qb3 Bxe3
21. fxe3 Qa7 22. Qc3 O-O 23. Qd4 Nb6 24. Qe5 Nbd5 25. Bxd5 Nxd5 26. Qd4 Qb7 27.
Nb3 Rfd8 28. Nc5 Qb5 29. b3 Qa5 30. e4 Nb4 31. Qf2 Rb5 32. Rc4 Qa3 33. Qb2
Qxb2+ 34. Kxb2 Rd2+ 35. Kb1 Nxa2 36. Rf1 Nb4 37. g5 Rh2 38. Nxe6 Rb8 39. Nf4 a5
40. Rc7 Na6 41. Rc3 a4 42. Rff3 Nb4 43. e5 a3 44. Nd3 a2+ 45. Ka1 Rd8 46. Nf2
Rxf2 0-1

[Event "DVM U16 2009"]
[Site "Verden/Aller GER"]
[Date "2009.12.30"]
[Round "7"]
[White "Azizi, Nassim"]
[Black "Kahleys, Kevin"]
[Result "0-1"]
[Termination "normal"]
[Board "3.1"]
[WhiteElo "1706"]
[BlackElo "2034"]
[WhiteTeam "Schachfreunde 1974 Heinsberg"]
[BlackTeam "SV Mülheim Nord 1931"]
[PlyCount "64"]
[WhiteFideId "4608119"]
[BlackFideId "24669601"]
[EventCountry "GER"]
[EventRounds "7"]
[EventType "team-swiss"]
[EventDate "2009.12.26"]

1. d4 d5 2. c4 c6 3. Nc3 Nf6 4. Nf3 a6 5. a4 Bf5 6. cxd5 cxd5 7. Bf4 Nc6 8. a5
e6 9. Nh4 Bg6 10. Nxg6 hxg6 11. Qa4 Bb4 12. Bd2 Qxa5 13. e3 Qxa4 14. Rxa4 Kd7
15. Bd3 b5 16. Ra2 Bd6 17. Ne2 Nb4 18. Bxb4 Bxb4+ 19. Nc3 Rhc8 20. Kd2 Ng4 21.
Rha1 Nxf2 22. Bxb5+ Ke7 23. Rxa6 Bxc3+ 24. bxc3 Ne4+ 25. Ke2 Rxa6 26. Rxa6 Rxc3
27. Ra7+ Kf6 28. Be8 Rxe3+ 29. Kf1 Nd6 30. Bd7 Rb3 31. Ra6 Nf5 32. Ra4 Rb2 0-1

[Event "DVM U16 2009"]
[Site "Verden/Aller GER"]
[Date "2009.12.30"]
[Round "7"]
[White "Mundorf, Johannes"]
[Black "Bender, Andreas"]
[Result "1/2-1/2"]
[Termination "normal"]
[Board "3.2"]
[WhiteElo "1858"]
[BlackElo "1831"]
[WhiteTeam "SV Mülheim Nord 1931"]
[BlackTeam "Schachfreunde 1974 Heinsberg"]
[PlyCount "65"]
[WhiteFideId "24672491"]
[BlackFideId "4675878"]
[EventCountry "GER"]
[EventRounds "7"]
[EventType "team-swiss"]
[EventDate "2009.12.26"]

1. d4 e6 2. Nf3 c5 3. e3 Nf6 4. Bd3 a6 5. c4 b6 6. Nc3 Bb7 7. O-O d6 8. Re1 Be7
9. a3 Nbd7 10. Rb1 O-O 11. d5 exd5 12. cxd5 b5 13. b4 c4 14. Bf1 Re8 15. e4 Bf8
16. Nd4 g6 17. a4 bxa4 18. Qxa4 Rc8 19. Qd1 Bg7 20. b5 axb5 21. Ndxb5 Nc5 22.
f3 Nb3 23. Be3 Ba6 24. Nd4 Nxd4 25. Bxd4 Nd7 26. Bxg7 Kxg7 27. Qd4+ Qf6 28.
Qxf6+ Kxf6 29. Kf2 Rb8 30. Ke3 Nc5 31. Rec1 Rec8 32. Be2 Ke7 33. h4 1/2-1/2

[Event "DVM U16 2009"]
[Site "Verden/Aller GER"]
[Date "2009.12.30"]
[Round "7"]
[White "Schlömer, Armin"]
[Black "Simanowski, Mio"]
[Result "1/2-1/2"]
[Termination "normal"]
[Board "3.3"]
[WhiteElo "1607"]
[BlackElo "1633"]
[WhiteTeam "Schachfreunde 1974 Heinsberg"]
[BlackTeam "SV Mülheim Nord 1931"]
[PlyCount "100"]
[WhiteFideId "12910090"]
[BlackFideId "24687154"]
[EventCountry "GER"]
[EventRounds "7"]
[EventType "team-swiss"]
[EventDate "2009.12.26"]

1. e4 e5 2. f4 exf4 3. Nf3 Nc6 4. Bc4 d6 5. d4 Be7 6. O-O Nf6 7. Nc3 O-O 8.
Bxf4 Bd7 9. Qd2 Na5 10. Be2 Re8 11. d5 c5 12. Bg5 Qb6 13. Nh4 Ng4 14. Bxg4 Bxg4
15. Bxe7 Rxe7 16. Qg5 Rae8 17. Qxg4 Qxb2 18. Nf5 g6 19. Nxe7+ Rxe7 20. Qg5 Re8
21. Qf4 Rf8 22. Qf3 Nc4 23. Rab1 Qa3 24. Rf2 Ne5 25. Qg3 a6 26. h3 b5 27. Rb3
Qc1+ 28. Kh2 b4 29. Ne2 Qxc2 30. Nc3 Qd3 31. Qxd3 Nxd3 32. Rf3 c4 33. Rxd3 bxc3
34. Rdxc3 cxb3 35. Rxb3 f5 36. exf5 Rxf5 37. Rb6 Rxd5 38. Rxa6 h5 39. Ra7 Rd3
40. a4 Ra3 41. a5 d5 42. Kg1 Ra2 43. Kh2 Ra3 44. Kg1 Ra2 45. Kh2 Ra3 46. a6 d4
47. Kg1 Ra2 48. Kf1 d3 49. Ke1 Kh8 50. h4 Kg8 1/2-1/2

[Event "DVM U16 2009"]
[Site "Verden/Aller GER"]
[Date "2009.12.30"]
[Round "7"]
[White "Messing, Simon"]
[Black "Salzmann, Thomas"]
[Result "1/2-1/2"]
[Termination "normal"]
[Board "3.4"]
[WhiteElo "1593"]
[BlackElo "1667"]
[WhiteTeam "SV Mülheim Nord 1931"]
[BlackTeam "Schachfreunde 1974 Heinsberg"]
[PlyCount "63"]
[WhiteFideId "24651990"]
[BlackFideId "12910104"]
[EventCountry "GER"]
[EventRounds "7"]
[EventType "team-swiss"]
[EventDate "2009.12.26"]

1. Nf3 Nf6 2. c4 c5 3. Nc3 d5 4. cxd5 Nxd5 5. e4 Nxc3 6. bxc3 Nc6 7. Qb3 g6 8.
Bb5 Bd7 9. Bxc6 Bxc6 10. Ne5 e6 11. Nxc6 bxc6 12. O-O Rb8 13. Qa4 Qc7 14. d4
cxd4 15. cxd4 Rb4 16. Qc2 Bg7 17. Ba3 Rb5 18. e5 Bf8 19. Bxf8 Rxf8 20. Rac1 Kd7
21. a4 Rd5 22. Qc4 Rc8 23. Rc2 Qb6 24. Rd1 Rd8 25. g3 a5 26. Rdc1 Rxd4 27.
Qxc6+ Qxc6 28. Rxc6 Rxa4 29. Rc7+ Ke8 30. Ra7 Rd7 31. Ra8+ Rd8 32. Ra7 1/2-1/2

[Event "DVM U16 2009"]
[Site "Verden/Aller GER"]
[Date "2009.12.30"]
[Round "7"]
[White "Raum, Sebastian"]
[Black "Weißbeck, Simon"]
[Result "1-0"]
[Termination "normal"]
[Board "4.1"]
[WhiteElo "1910"]
[BlackElo "1992"]
[WhiteTeam "SG Oesede-Georgsmarienhütte"]
[BlackTeam "Heilbronner Schachverein"]
[PlyCount "131"]
[WhiteFideId "24673935"]
[BlackFideId "24646865"]
[EventCountry "GER"]
[EventRounds "7"]
[EventType "team-swiss"]
[EventDate "2009.12.26"]

1. e4 e6 2. d4 d5 3. Nd2 Nf6 4. e5 Nfd7 5. Bd3 c5 6. c3 Nc6 7. Ne2 cxd4 8. cxd4
f6 9. exf6 Nxf6 10. O-O Bd6 11. Nf3 Qc7 12. Bg5 O-O 13. Rc1 Bd7 14. Qc2 h6 15.
Bh4 Rac8 16. Bg3 Bxg3 17. Nxg3 Qa5 18. Qb3 Nb4 19. Be2 Nc6 20. a3 Qd8 21. Qxb7
Rb8 22. Qa6 Rb6 23. Qa4 Ne4 24. Qc2 Ng5 25. Qd2 Nxf3+ 26. Bxf3 Qh4 27. Ne2 Re8
28. Rc2 Ne7 29. b4 Bb5 30. Rfc1 Bc4 31. g3 Qf6 32. Qf4 Nf5 33. Rd2 Rf8 34. Bg4
Ra6 35. Rc3 g5 36. Qe5 Qxe5 37. dxe5 Kg7 38. Nd4 Nxd4 39. Rxd4 Kg6 40. Bh3 h5
41. f4 g4 42. Bf1 Bxf1 43. Kxf1 Ra4 44. Ke2 Rb8 45. Kd3 Kf5 46. Kc2 Ra6 47. Kb3
h4 48. a4 hxg3 49. hxg3 Rab6 50. Rc7 R8b7 51. Rxb7 Rxb7 52. Kc3 Rc7+ 53. Kd2
Rh7 54. b5 Rh3 55. Rd3 Ke4 56. Re3+ Kd4 57. a5 Rh2+ 58. Re2 Rh3 59. f5 Kc5 60.
b6 axb6 61. axb6 Kxb6 62. f6 Kc6 63. Rf2 Rh8 64. Rf4 Kd7 65. Rxg4 Rh5 66. Rg8
1-0

[Event "DVM U16 2009"]
[Site "Verden/Aller GER"]
[Date "2009.12.30"]
[Round "7"]
[White "Zuferi, Enis"]
[Black "Thumulka, Patrick"]
[Result "1/2-1/2"]
[Termination "normal"]
[Board "4.2"]
[WhiteElo "1846"]
[BlackElo "1892"]
[WhiteTeam "Heilbronner Schachverein"]
[BlackTeam "SG Oesede-Georgsmarienhütte"]
[PlyCount "50"]
[WhiteFideId "24692530"]
[BlackFideId "24676870"]
[EventCountry "GER"]
[EventRounds "7"]
[EventType "team-swiss"]
[EventDate "2009.12.26"]

1. d4 d5 2. c4 c6 3. Nc3 Nf6 4. Nf3 e6 5. Bg5 h6 6. Bh4 dxc4 7. e4 g5 8. Bg3 b5
9. e5 Nd5 10. h4 g4 11. Nd2 h5 12. Nde4 Nd7 13. f3 f5 14. exf6 N7xf6 15. Be5
Nxe4 16. Bxh8 Ng3 17. Nxd5 cxd5 18. Rh2 Bd6 19. fxg4 Qa5+ 20. Kf2 Ne4+ 21. Kg1
Bxh2+ 22. Kxh2 Kd7 23. gxh5 Qd8 24. Be5 Qxh4+ 25. Kg1 Qf2+ 1/2-1/2

[Event "DVM U16 2009"]
[Site "Verden/Aller GER"]
[Date "2009.12.30"]
[Round "7"]
[White "Düssler, Stefanie"]
[Black "Wenninger, Philipp"]
[Result "0-1"]
[Termination "normal"]
[Board "4.3"]
[WhiteElo "1784"]
[BlackElo "1988"]
[WhiteTeam "SG Oesede-Georgsmarienhütte"]
[BlackTeam "Heilbronner Schachverein"]
[PlyCount "68"]
[WhiteFideId "4634780"]
[BlackFideId "4648404"]
[EventCountry "GER"]
[EventRounds "7"]
[EventType "team-swiss"]
[EventDate "2009.12.26"]

1. e4 c6 2. d4 d5 3. Nc3 dxe4 4. Nxe4 Bf5 5. Ng3 Bg6 6. Nf3 Nd7 7. h4 h6 8. h5
Bh7 9. Bd3 Bxd3 10. Qxd3 Ngf6 11. Bf4 Qa5+ 12. Bd2 Qc7 13. O-O-O O-O-O 14. Ne4
Nxe4 15. Qxe4 Nf6 16. Qe2 e6 17. c3 Kb8 18. Ne5 Ka8 19. f4 c5 20. dxc5 Bxc5 21.
Be3 Bxe3+ 22. Qxe3 Nd5 23. Qf2 Rd6 24. Rh3 Rhd8 25. Rhd3 f6 26. Ng4 Nxc3 27.
Rxc3 Rxd1+ 28. Kc2 Qd7 29. Qc5 Rc1+ 30. Kb3 Rxc3+ 31. bxc3 Qd5+ 32. Qxd5 Rxd5
33. Kc2 Rxh5 34. Ne3 Kb8 0-1

[Event "DVM U16 2009"]
[Site "Verden/Aller GER"]
[Date "2009.12.30"]
[Round "7"]
[White "Usov, Andreas"]
[Black "Fischer, Marvin"]
[Result "1-0"]
[Termination "normal"]
[Board "4.4"]
[WhiteElo "1472"]
[BlackElo "1438"]
[WhiteTeam "Heilbronner Schachverein"]
[BlackTeam "SG Oesede-Georgsmarienhütte"]
[PlyCount "84"]
[WhiteFideId "24601713"]
[BlackFideId "12910082"]
[EventCountry "GER"]
[EventRounds "7"]
[EventType "team-swiss"]
[EventDate "2009.12.26"]

1. e4 e5 2. Nf3 Nc6 3. Bc4 Bc5 4. O-O Nf6 5. Nc3 d6 6. h3 Be6 7. Bxe6 fxe6 8.
d3 O-O 9. Na4 Bb6 10. Nxb6 axb6 11. Bg5 Qe8 12. Re1 Qf7 13. c3 Rae8 14. b4 d5
15. b5 dxe4 16. bxc6 exf3 17. Qxf3 bxc6 18. Rxe5 Nd7 19. Qxf7+ Rxf7 20. Re2 h6
21. Bh4 b5 22. d4 Nf6 23. a4 Nd5 24. Rc2 Ra8 25. a5 Rff8 26. c4 bxc4 27. Rxc4
Ra6 28. Bg3 Rb8 29. Rac1 Rxa5 30. Rxc6 Ra4 31. Rxe6 Rxd4 32. Be5 Rdb4 33. Rg6
Kf8 34. Bxc7 Nxc7 35. Rxc7 Rb1+ 36. Kh2 R8b2 37. f3 Rf1 38. Rgxg7 Rxf3 39. Rh7
Kg8 40. Rxh6 Rff2 41. Rg6+ Kh8 42. Rg4 Rbe2 1-0

[Event "DVM U16 2009"]
[Site "Verden/Aller GER"]
[Date "2009.12.30"]
[Round "7"]
[White "Konow, Philipp"]
[Black "Stahnecker, Ludwig"]
[Result "0-1"]
[Termination "normal"]
[Board "5.1"]
[WhiteElo "1864"]
[BlackElo "1989"]
[WhiteTeam "Stader Schachverein"]
[BlackTeam "VfR-SC Koblenz"]
[PlyCount "102"]
[WhiteFideId "4635230"]
[BlackFideId "24692026"]
[EventCountry "GER"]
[EventRounds "7"]
[EventType "team-swiss"]
[EventDate "2009.12.26"]

1. d4 d5 2. c4 e6 3. Nc3 c6 4. e4 dxe4 5. Nxe4 Bb4+ 6. Bd2 Qxd4 7. Bxb4 Qxe4+
8. Be2 Na6 9. Ba5 b6 10. Bc3 f6 11. Qd6 Ne7 12. O-O-O Kf7 13. Rd4 Qf5 14. Nh3
Qc5 15. Qg3 Nf5 16. Qd3 Nxd4 17. Bxd4 Qd6 18. Qe3 Rd8 19. Rd1 Qe7 20. Bd3 e5
21. Bc3 e4 22. Bxe4 Rxd1+ 23. Kxd1 Bxh3 24. gxh3 Re8 25. Bxc6 Qxe3 26. fxe3
Rxe3 27. Bg2 Nc5 28. Kd2 Re8 29. Bd4 a5 30. Bc6 Re7 31. Bf3 Kg6 32. Kc3 Rd7 33.
Bd5 f5 34. a3 Ne4+ 35. Bxe4 fxe4 36. Bxb6 Rd3+ 37. Kc2 a4 38. Bf2 Kf5 39. Bg3
Ke6 40. h4 Kd7 41. Be5 g6 42. Bc3 Kc6 43. b3 axb3+ 44. Kxb3 Kc5 45. Kc2 Kxc4
46. Be5 Rxa3 47. Kd2 e3+ 48. Ke2 Kd5 49. Bg3 Ke4 50. Kf1 Kf3 51. Ke1 Ra1# 0-1

[Event "DVM U16 2009"]
[Site "Verden/Aller GER"]
[Date "2009.12.30"]
[Round "7"]
[White "Stahnecker, Wieland"]
[Black "Bauschmann, Christoph"]
[Result "0-1"]
[Termination "normal"]
[Board "5.2"]
[WhiteElo "2040"]
[BlackElo "1860"]
[WhiteTeam "VfR-SC Koblenz"]
[BlackTeam "Stader Schachverein"]
[PlyCount "82"]
[WhiteFideId "4694481"]
[BlackFideId "24603414"]
[EventCountry "GER"]
[EventRounds "7"]
[EventType "team-swiss"]
[EventDate "2009.12.26"]

1. e4 c5 2. Nf3 Nc6 3. d4 cxd4 4. Nxd4 e5 5. Nb5 d6 6. N1c3 a6 7. Na3 b5 8. Nd5
Nce7 9. Bg5 f6 10. Be3 Nxd5 11. Qxd5 Rb8 12. O-O-O Bb7 13. Qe6+ Qe7 14. Qg4 Qf7
15. c4 Rc8 16. Kb1 bxc4 17. Nxc4 Rxc4 18. Bxc4 Qxc4 19. f3 Bc8 20. Qg3 Be6 21.
b3 Qb5 22. Bc1 Kf7 23. Qf2 d5 24. Qa7+ Kg6 25. Qa8 Bb4 26. exd5 Bf5+ 27. Ka1
Bc2 28. Rdf1 Bc3+ 29. Bb2 Qa5 30. g4 Nh6 31. Qxh8 Bxb3 32. Qe8+ Nf7 33. a4 Qb4
34. Rf2 Qa3+ 35. Kb1 Qa2+ 36. Kc1 Bxb2+ 37. Rxb2 Qa1+ 38. Kd2 Qxb2+ 39. Kd3
Qd4+ 40. Ke2 Bc4+ 41. Ke1 Qe3+ 0-1

[Event "DVM U16 2009"]
[Site "Verden/Aller GER"]
[Date "2009.12.30"]
[Round "7"]
[White "Evers, Annika"]
[Black "Vossen, Daniel"]
[Result "1-0"]
[Termination "normal"]
[Board "5.3"]
[WhiteElo "1676"]
[BlackElo "1752"]
[WhiteTeam "Stader Schachverein"]
[BlackTeam "VfR-SC Koblenz"]
[PlyCount "63"]
[WhiteFideId "24691933"]
[EventCountry "GER"]
[EventRounds "7"]
[EventType "team-swiss"]
[EventDate "2009.12.26"]

1. e4 g6 2. d4 c6 3. Nf3 d5 4. exd5 cxd5 5. c4 Nf6 6. Nc3 dxc4 7. Bxc4 Bg7 8.
O-O O-O 9. Be3 Qc7 10. Bb3 a6 11. Rc1 Qd6 12. Qd2 b5 13. Bf4 Qd8 14. d5 Bb7 15.
Rfd1 Ne8 16. Ng5 Nd6 17. Nge4 b4 18. Nxd6 bxc3 19. bxc3 exd6 20. c4 a5 21. c5
dxc5 22. Rxc5 a4 23. Bc4 Nd7 24. Rc7 Ba6 25. Bxa6 Rxa6 26. d6 Be5 27. Qe2 Ra5
28. Rxd7 Qxd7 29. Bxe5 Re8 30. f4 f6 31. Qc4+ Kg7 32. Bxf6+ 1-0

[Event "DVM U16 2009"]
[Site "Verden/Aller GER"]
[Date "2009.12.30"]
[Round "7"]
[White "Lauer, Florian"]
[Black "Meyer, Christoph"]
[Result "1-0"]
[Termination "normal"]
[Board "5.4"]
[WhiteElo "1678"]
[BlackElo "1591"]
[WhiteTeam "VfR-SC Koblenz"]
[BlackTeam "Stader Schachverein"]
[PlyCount "51"]
[WhiteFideId "12910074"]
[BlackFideId "1270490"]
[EventCountry "GER"]
[EventRounds "7"]
[EventType "team-swiss"]
[EventDate "2009.12.26"]

1. e4 c5 2. Nf3 Nc6 3. d4 cxd4 4. Nxd4 d6 5. c4 g6 6. Nc3 Bg7 7. Be3 Bd7 8. Qd2
Nf6 9. O-O-O Ng4 10. Nxc6 Bxc6 11. Bd4 Nf6 12. f3 O-O 13. Be3 Qc7 14. Bh6 a6
15. Bxg7 Kxg7 16. Kb1 Rfb8 17. Nd5 Bxd5 18. cxd5 b5 19. g4 Rc8 20. h4 Ra7 21.
Bd3 Nd7 22. h5 Ne5 23. hxg6 fxg6 24. Qh6+ Kf7 25. Qxh7+ Ke8 26. Qg8+ 1-0

[Event "DVM U16 2009"]
[Site "Verden/Aller GER"]
[Date "2009.12.30"]
[Round "7"]
[White "Schreyer, Erik"]
[Black "Budszuhn, Timo"]
[Result "0-1"]
[Termination "normal"]
[Board "6.2"]
[WhiteElo "1821"]
[BlackElo "1717"]
[WhiteTeam "SV 1949 Herzogenrath"]
[BlackTeam "Schachgesellschaft Bochum 31"]
[PlyCount "91"]
[WhiteFideId "24603210"]
[BlackFideId "1270607"]
[EventCountry "GER"]
[EventRounds "7"]
[EventType "team-swiss"]
[EventDate "2009.12.26"]

1. e4 e5 2. Nf3 Nc6 3. d4 exd4 4. Nxd4 Bc5 5. Be3 Qf6 6. c3 Nge7 7. g3 d6 8.
Bg2 Bd7 9. O-O Bb6 10. Na3 Ne5 11. Qe2 Ng4 12. Bh3 Qg6 13. f3 Nf6 14. Bxd7+
Nxd7 15. Ndb5 Rc8 16. Bxb6 axb6 17. Rad1 O-O 18. Rd4 Nc6 19. Rd2 f5 20. exf5
Qxf5 21. f4 Nc5 22. Qc4+ Kh8 23. Re1 Qd7 24. b4 Na6 25. Qe6 Nab8 26. Kg2 Qxe6
27. Rxe6 Nd7 28. Nc2 Rf7 29. Rde2 Nf6 30. Ncd4 Nxd4 31. Nxd4 Nd5 32. Re8+ Rf8
33. Rxf8+ Rxf8 34. Nb5 Kg8 35. Rd2 Rf5 36. Kf3 Nxf4 37. Nxc7 Nd5+ 38. Kg4 Ne3+
39. Kh4 g5+ 40. Kh5 g4+ 41. Kh4 h5 42. Ne6 Nc4 43. Re2 Ne5 44. Ng5 Kg7 45. Rd2
d5 46. Kxh5 0-1

[Event "DVM U16 2009"]
[Site "Verden/Aller GER"]
[Date "2009.12.30"]
[Round "7"]
[White "Orhan, Eda"]
[Black "Jerinic, Milan"]
[Result "1/2-1/2"]
[Termination "normal"]
[Board "6.3"]
[WhiteElo "1780"]
[BlackElo "1552"]
[WhiteTeam "Schachgesellschaft Bochum 31"]
[BlackTeam "SV 1949 Herzogenrath"]
[PlyCount "34"]
[WhiteFideId "24659258"]
[EventCountry "GER"]
[EventRounds "7"]
[EventType "team-swiss"]
[EventDate "2009.12.26"]

1. d4 d5 2. Nf3 c6 3. e3 Bf5 4. c4 e6 5. cxd5 exd5 6. Nc3 Bd6 7. Bd3 Bxd3 8.
Qxd3 Nf6 9. O-O O-O 10. Re1 Re8 11. e4 dxe4 12. Nxe4 Nxe4 13. Rxe4 Nd7 14.
Rxe8+ Qxe8 15. Bd2 Nf6 16. Re1 Qd7 17. Qb3 Nd5 1/2-1/2